00669nam a2200205 i 4500003000900000005001700009007000300026008004100029020001700070040003000087082001400117100002900131245006300160264005300223300002700276336002700303337003400330338002800364500007100392DO-SdBNP20230915141453.0ta110413s2023 dr 000 0 spa d a978994185010 aDO-SdBNPbspacBNPHUerda bT683v222 aToribio, Andrésd1950-10aVivencias del destino : bcomo cuento /cAndrés Toribio  1aSanto Domingo :bImpresora Soto Castillo,c2023. a258 páginas c23 cm. 2rdacontentatextobtxt 2rdamediaasin mediación bn 2rdacarrieravolumenbnc aIncluye datos biográficos del autor en la solapa de la portada.